|
|
|
|
| LEADER |
01602nam a2200397 i 4500 |
| 001 |
41891 |
| 003 |
BD-DhAAL |
| 008 |
231019t2011 bg a b 001 0 eng d |
| 010 |
|
|
|a 2011351197
|
| 020 |
|
|
|a 9789845060394
|
| 025 |
|
|
|a B-E-2011-351197; 26; 22-90
|
| 037 |
|
|
|b Library of Congress -- New Delhi Overseas Office
|
| 040 |
|
|
|a DLC
|b eng
|c DLC
|d DLC
|e rda
|d BD-DhAAL
|
| 042 |
|
|
|a lcode
|a pcc
|
| 043 |
|
|
|a a-bg---
|
| 050 |
0 |
0 |
|a RA644.T7
|b I85 2011
|
| 082 |
|
|
|a 616.246
|2 23
|
| 245 |
1 |
0 |
|a Making tuberculosis history :
|b community based solutions for millions : BRAC Health Program /
|c Md. Akramul Islam ... [et al.].
|
| 264 |
|
1 |
|a Dhaka :
|b University Press Limited,
|c 2011.
|
| 300 |
|
|
|a xx, 268 pages :
|b illustrations ;
|c 22 cm.
|
| 504 |
|
|
|a Includes bibliographical references (pages 247-255) and index.
|
| 541 |
|
|
|a Complimentary copy
|e 41891
|
| 610 |
2 |
0 |
|a BRAC Tuberculosis Control Programme.
|9 55738
|
| 650 |
|
0 |
|a Tuberculosis.
|
| 650 |
|
0 |
|a Tuberculosis
|z Bangladesh
|x Prevention.
|9 55739
|
| 650 |
|
0 |
|a Tuberculosis
|x prevention & control.
|
| 650 |
|
0 |
|a Tuberculosis
|z Bangladesh.
|9 29559
|
| 700 |
|
|
|a May, Maria A.
|9 55740
|
| 700 |
|
|
|a Ahmed, Faruque.
|9 55741
|
| 700 |
|
|
|a Cash, Richard A.
|9 36133
|
| 700 |
|
|
|a Ahmed, Jalaluddin.
|9 29489
|
| 710 |
2 |
|
|a BRAC Tuberculosis Control Programme.
|9 55738
|
| 852 |
|
|
|a Ayesha Abed Library
|c General Stacks
|
| 942 |
|
|
|2 ddc
|c BK
|
| 999 |
|
|
|c 46239
|d 46239
|
| 952 |
|
|
|0 0
|1 0
|2 ddc
|4 0
|6 616_246000000000000_MAK
|7 0
|9 74774
|a BRACUL
|b BRACUL
|c GEN
|d 2023-10-19
|e Complimentary copy
|g 685.00
|l 1
|m 3
|o 616.246 MAK
|p 3010041891
|r 2025-10-26
|s 2025-09-22
|t 1
|w 2023-10-19
|y BK
|